Lecciones de aritmética

Gespeichert in:
Bibliographische Detailangaben
1. Verfasser: C. C.
Format: Buch
Sprache:Spanisch
Erschienen: Vitoria : Tipografía de Fuertes y Marquínez, 1917
Katalog:MANES:  Suchergebnis im Bibliothekskatalog
Schulbuchspezifische Eigenschaften:
Tags: Tag hinzufügen
Keine Tags, Fügen Sie den ersten Tag hinzu!
Hinzugefügt zu:29.11.1999
Geändert in:07.05.2025

MARC

LEADER 00000cam a2200000#i 4500
005 20250507134425.0
008 000000s1917 esp 000 0 spa d
040 |a uned  |b spa  |c entro-manes 
100 1 |a C. C.  |9 38091 
245 1 0 |a Lecciones de aritmética /  |c C. C. 
260 |a Vitoria :   |b Tipografía de Fuertes y Marquínez,   |c 1917 
300 |a 79, IX p. 
546 |a España 
561 |5 es-BUNED  |3 L.T. 2057  |a España. Fondo Manes UNED  |k MANES 
690 0 |a MATE 
942 |2 ddc  |c BK 
999 |c 94166  |d 94166 
999 |c manes:94166  |d 94166